| 000 | 00479nam a22001937a 4500 | ||
|---|---|---|---|
| 003 | CEME | ||
| 005 | 20210628202148.0 | ||
| 008 | 210209b xxu||||| |||| 00| 0 eng d | ||
| 020 | _a1-58053-903-3 | ||
| 040 | _c. | ||
| 082 | _a658.5 LEA | ||
| 100 |
_aLeach , Lawrence . O _958524 |
||
| 245 | _aCritical chain project management | ||
| 250 | _a2ND | ||
| 260 |
_aLONDON _bARTECH HOUSE _c2005 |
||
| 300 | _aXIII,263P | ||
| 650 |
_aPROJECT MANAGEMENT _916149 |
||
| 942 |
_cBK _2ddc |
||
| 999 |
_c568710 _d568710 |
||